IFM Opac

Management Theory and Practice (Record no. 22178)

MARC details
000 -LEADER
fixed length control field 00331nam a22001457a 4500
020 ## - INTERNATIONAL STANDARD BOOK NUMBER
ISBN 978-1-4737-6972-4
082 ## - DEWEY DECIMAL CLASSIFICATION NUMBER
Classification number 658
100 ## - MAIN ENTRY--AUTHOR NAME
Personal name Cole, G. A.
245 ## - TITLE STATEMENT
Title Management Theory and Practice
250 ## - EDITION STATEMENT
Edition statement 9th
260 ## - PUBLICATION, DISTRIBUTION, ETC. (IMPRINT)
Place of publication Andocer:
Name of publisher Cengage,
Year of publication 2020
300 ## - PHYSICAL DESCRIPTION
Number of Pages xi, 692p.: ill.; 26cm
700 ## - ADDED ENTRY--PERSONAL NAME
Personal name Kelly, Phill
942 ## - ADDED ENTRY ELEMENTS (KOHA)
Koha item type Books

No items available.